000 00611ngm a22002650a 4500
001 PT41782
003 AR-LpoUNG
005 20210201232330.0
007 co ||u|||uuuuu
008 191001s1993||||xxu|||||||||||||||||eng d
037 _c$23.75
040 _aAR-LpoUNG
_bspa
_cAR-LpoUNG
_eaacr
041 _aeng
044 _axxu
082 0 _a781.654 854ten
100 1 _aSting
245 1 0 _aTen summoner's tales
260 _aHollywood :
_bA & M,
_c1993.
650 4 _aMUSICA
651 4 _aDOCUMENTOS TEORICOS O METODOLOGICOS
653 _aCD
653 _aJAZZ
905 _a41782
942 _cCDDVD
999 _c53394
_d53394